|
|
|
|
| LEADER |
00873nam a22002537a 4500 |
| 001 |
AAL3962 |
| 003 |
BD-DhAAL |
| 005 |
20160121184552.0 |
| 008 |
160121s 1998us a|||| b||| 001 0 eng d |
| 020 |
|
|
|a 0072925094
|
| 040 |
|
|
|a BD-DhAAL
|c BD-DhAAL
|
| 082 |
|
|
|a 302.05
|
| 245 |
|
|
|a Social psychology 98/99 /
|c Mark H. Davis
|
| 260 |
|
|
|a Duilford, Ct. :
|b Dushkin Pub. Group,
|c ©1998.
|
| 300 |
|
|
|a x, 229 p. :
|b ill. ;
|c 28 cm.
|
| 490 |
|
|
|a Annual editions.
|
| 504 |
|
|
|6 Includes bibliography and index.
|
| 541 |
|
|
|e 3962
|
| 650 |
|
|
|a Social psychology
|x Periodicals.
|9 17499
|
| 650 |
|
|
|a Social psychology.
|9 17500
|
| 700 |
|
|
|a Davis, Mark H.
|9 17501
|
| 942 |
|
|
|2 ddc
|c BK
|
| 999 |
|
|
|c 36659
|d 36659
|
| 952 |
|
|
|0 0
|1 0
|2 ddc
|4 0
|6 302_050000000000000_SOC
|7 0
|9 57666
|a SCL
|b SCL
|c GEN
|d 2016-01-21
|e Gift: The Asia Foundation
|l 0
|o 302.05 SOC
|p 3020003962
|r 2016-01-21
|t 1
|w 2016-01-21
|y BK
|